Advanced Microproceesors & Peripherals (Record no. 8442)

MARC details
000 -LEADER
fixed length control field 00434nam a2200169Ia 4500
008 - FIXED-LENGTH DATA ELEMENTS--GENERAL INFORMATION
fixed length control field 221030s9999 xx 000 0 und d
020 ## - INTERNATIONAL STANDARD BOOK NUMBER
ISBN 007463841
041 ## - LANGUAGE CODE
Language code of text/sound track or separate title
082 ## - DEWEY DECIMAL CLASSIFICATION NUMBER
Classification number 105.23
Item number Ray
100 ## - MAIN ENTRY--AUTHOR NAME
Personal name A. K. Ray
245 #0 - TITLE STATEMENT
Title Advanced Microproceesors & Peripherals
Statement of responsibility, etc by A. K. Ray, K. M. Bhurchandi
260 ## - PUBLICATION, DISTRIBUTION, ETC. (IMPRINT)
Name of publisher TMH
Place of publication New Delhi
Year of publication 2002
300 ## - PHYSICAL DESCRIPTION
Number of Pages 666
650 ## - SUBJECT ADDED ENTRY--TOPICAL TERM
Topical Term BE Computer
700 ## - ADDED ENTRY--PERSONAL NAME
Personal name K. M. Bhurchandi
942 ## - ADDED ENTRY ELEMENTS (KOHA)
Koha item type Books
Holdings
Accession Number Cost, normal purchase price Full call number Price effective from Koha item type Withdrawn / writtenoff status Materials specified (bound volume or other part) Damaged status Not for loan Permanent Location Current Location Shelving location Date acquired Lost/ Missing status department
BE 6973 125.00 105.23 Ray 10/30/2022 Books   Print     MIET Library, Jammu MIET Library, Jammu BL-Academic Blockc, FL-2, CUP-126, SH-3, R-3 08/16/2003   BE